All Eredivisie Teams Ever - Statistics

General Stats
  • This quiz has been taken 5,575 times
    1,493 since last reset
  • The average score is 27 of 52
Answer Stats
Team % Correct
AFC Ajax
99%
PSV
98%
Feyenoord Rotterdam
97%
Sparta Rotterdam
91%
Alkmaar Zaanstreek
90%
FC Groningen
87%
FC Utrecht
86%
FC Twente
84%
SC Heerenveen
81%
NAC Breda
78%
SBV Vitesse Arnhem
78%
ADO Den Haag
77%
NEC
77%
Go Ahead Eagles
74%
SHS
73%
Willem II Tilburg
73%
PEC Zwolle
70%
Heracles Almelo
66%
Excelsior Rotterdam
65%
VVV-Venlo
65%
MVV Maastricht
64%
FC Eindhoven
63%
Fortuna Sittard
61%
Almere City
59%
Roda JC Kerkrade
59%
FC Volendam
58%
SC Cambuur
57%
SC Telstar
54%
FC Den Bosch
53%
RKC Waalwijk
53%
FC Emmen
51%
BV De Graafschap
48%
FC Dordrecht
47%
HFC Haarlem
44%
FC Amsterdam
42%
TOP Oss
41%
Helmond Sport
39%
RBC
35%
SC Veendam
23%
VV DOS
18%
FC Wageningen
17%
SC Enschede
17%
AFC DWS
16%
ASC De Volewijckers
11%
FC Blauw-Wit Amsterdam
11%
XerxesDZB
11%
USV Elinkwijk
10%
RKSV Sittardia
9%
TSV NOAD
9%
Fortuna '54
8%
Alkmaar '54
7%
SVV Scheveningen
7%
No matching quizzes found
Score Distribution
Percent of People with Each Score
Percentile by Number Answered
Your Score History
You have not taken this quiz since the last reset